Teraz je ten správny čas?

Vývoj úrokových sadzieb nahráva dlžníkom. Narastajúci záujem o pôžičky na bývanie. Historické minimum úrokových sadzieb. Splatenie úveru iným úverom. Nie každé refinancovanie je výhodné. Vývoj úrokových sadzieb pri novoposkytnutých úveroch (2009-2013). Príklad refinancovania úveru.

Saved in:
Bibliographic Details
Main Author: Škriniar, Pavel, 1979-
Format: Book Chapter
Language:Slovak
Subjects:
Tags: Add Tag
No Tags, Be the first to tag this record!

MARC

LEADER 00000naa a2200000 4500
001 0177641
005 20240502073025.5
041 0 |a slo 
044 |a SK 
245 1 0 |a Teraz je ten správny čas?  |c Pavel Škriniar 
520 |a Vývoj úrokových sadzieb nahráva dlžníkom. Narastajúci záujem o pôžičky na bývanie. Historické minimum úrokových sadzieb. Splatenie úveru iným úverom. Nie každé refinancovanie je výhodné. Vývoj úrokových sadzieb pri novoposkytnutých úveroch (2009-2013). Príklad refinancovania úveru. 
610 2 0 |a úver 
610 2 0 |a bývanie 
610 2 0 |a sadzby úrokové 
610 2 0 |a dlžníci 
610 2 0 |a banky 
100 1 |a Škriniar, Pavel, 1979-